1952 1612 1945 1511 1560 1566 1296 1961 1189 1700 1619 1269 1959 1669 1777 1402 1315 1466 1570 1988 1540 1691 1142 1038 1353 1230 1324 1473 1680 1992 1479 1185 1409 1053 1628 1108 1595 1004 1450 1068 1783 1776 1799 1388 1392 1935 1775 1665 1771 1162 1760 1567 1070 1091 1616 1323 1459 1504 1348 1736 1272 1611 1791 1231 1994 1960 1665 1107 1099 1254 1359 1112 1677 1075 1509 1765 1482 1829 1650 1834 1453 1398 1320 1852 1704 1133 1683 1882 1863 1384 1769 1152 1523 1523 1040 1818 1150 1611 1721 BCNSPRNW ULIB Ver.6.0+V

เปลี่ยนเป็นภาษาไทย

Change to English
 แสดงรายละเอียดบรรณานุกรม
  กลับหน้าหลัก

Brief Record : Get Marc (ISO 2709) : E-mail record : QR code < ปิดหน้าต่าง
LEADER : 00000nam 2200000uu 4500
001    13399124513
003     ULIB
008    150818s2553 th a 000 0 tha d
020    9789748368955
090    นว.^bป553ด
100    กิ่งฉัตร
245    ดั่งไฟใต้น้ำ/^cกิ่งฉัตร
250    พิมพ์ครั้งที่ 9
260    กรุงเทพฯ :^bอรุณ,^c2553
300    439 หน้า;^b18.5 ซม.
500    นวนิยายลำดับที่ 2
710    อรุณ
945    ^p230^l0^i23105
999    ^aทศพร เกษรทอง
รายการนี้ยังไม่มีแท็ก
คุณยังไม่ได้ล็อกอิน คุณสามารถมีกิจกรรมร่วมกับเว็บไซต์ได้ แต่ต้องล็อกอินก่อน ::
  ล็อกอิน

รายการสื่อสารสนเทศ

ลำดับที่ ประเภท เลขเรียก/บาร์โค้ด สถานที่ สถานะ
1. นวนิยาย
นวนิยาย
นว. ป553ด ฉ.1 
  Barcode: 23105
ห้องสมุดวิทยาเขตนครสวรรค์
►นวนิยาย:l:Fiction
บนชั้น

รายการใกล้เคียง
    ผู้แต่ง [กิ่งฉัตร]

BibComment


ยังไม่เคยถูกคอมเมนท์

คอมเมนท์ทรัพยากรรายการนี้
  คอมเมนท์: ดั่งไฟใต้น้ำ กิ่ง..


 Copyright 2026. Bcnsprnw @Library